Canada : Selected Issues.

Between 1980 and 1995, labor productivity in the business sector grew at an average annual rate in Canada, which was slightly faster than productivity growth in Germany, but significantly slower than labor productivity growth in France, Italy, Japan, and the United States. To better understand devel...

Πλήρης περιγραφή

Λεπτομέρειες βιβλιογραφικής εγγραφής
Συγγραφή απο Οργανισμό/Αρχή: International Monetary Fund
Μορφή: Επιστημονικό περιοδικό
Γλώσσα:English
Έκδοση: Washington, D.C. : International Monetary Fund, 2001.
Σειρά:IMF Staff Country Reports; Country Report ; No. 2001/157
Διαθέσιμο Online:Full text available on IMF
LEADER 01590cas a2200241 a 4500
001 AALejournalIMF001685
008 230101c9999 xx r poo 0 0eng d
020 |c 5.00 USD 
020 |z 9781451806939 
022 |a 1934-7685 
040 |a BD-DhAAL  |c BD-DhAAL 
110 2 |a International Monetary Fund. 
245 1 0 |a Canada :   |b Selected Issues. 
264 1 |a Washington, D.C. :  |b International Monetary Fund,  |c 2001. 
300 |a 1 online resource (85 pages) 
490 1 |a IMF Staff Country Reports 
500 |a <strong>Off-Campus Access:</strong> No User ID or Password Required 
500 |a <strong>On-Campus Access:</strong> No User ID or Password Required 
506 |a Electronic access restricted to authorized BRAC University faculty, staff and students 
520 3 |a Between 1980 and 1995, labor productivity in the business sector grew at an average annual rate in Canada, which was slightly faster than productivity growth in Germany, but significantly slower than labor productivity growth in France, Italy, Japan, and the United States. To better understand developments in labor productivity, it is useful to decompose its growth rate into changes in the capital/labor ratio and in total factor productivity. The contribution of information technology to labor productivity growth has been more modest in Canada than in the United States. 
538 |a Mode of access: Internet 
830 0 |a IMF Staff Country Reports; Country Report ;  |v No. 2001/157 
856 4 0 |z Full text available on IMF  |u http://elibrary.imf.org/view/journals/002/2001/157/002.2001.issue-157-en.xml  |z IMF e-Library